Bohumil Hypšman /

Enregistré dans:
Détails bibliographiques
Auteur principal: Kubiček, Alois (Auteur)
Format: Livre
Langue:tchèque
Publié: Praha : Nakladatelství československých výtvarných umělců, 1961
Édition:1. vyd.
Collection:Současné profily - nová řada, 10
Sujets:
Tags: Ajouter un tag
Pas de tags, Soyez le premier à ajouter un tag!

MARC

LEADER 00000nam a22000003a 4500
001 0107553
003 SK-STU
005 20240111123345.9
007 ta
008 240111s ----xo-----e------000-0-----d
040 |a STU  |b slo 
041 0 |a cze 
044 |a xr 
100 1 |a Kubiček, Alois  |4 aut 
245 1 0 |a Bohumil Hypšman /  |c aut. Alois Kubiček 
250 |a 1. vyd. 
260 |a Praha :  |b Nakladatelství československých výtvarných umělců,  |c 1961 
300 |a 44 s. ;  |b 36 obr., 3 pérovky 
490 0 |a Současné profily - nová řada,  |v 10 
650 0 7 |a architekti 
650 0 7 |a Česko 
650 0 7 |a 19. storočie 
650 0 7 |a 20. storočie 
996 |b 284AU09855  |c A* 13223/U  |l AAKNAR  |s A  |a 24  |w 0107553_0001